000
00263nam a2200097Ia 4500
001
1141589
005
20250827010122.0
008
250824s9999 xx 000 0 und d
245
0
_a
YUVAYA DÖNÜŞ
_c
URSULA K. LE GUİN
260
_b
GÜNIŞIĞI KİTAPLIĞI YAYINLARI
999
_c
1141589
_d
1141589